| 000 | 00422nam a22001697a 4500 | ||
|---|---|---|---|
| 003 | OSt | ||
| 005 | 20241021120050.0 | ||
| 008 | 241021b |||||||| |||| 00| 0 eng d | ||
| 082 |
_a303.625 _bPANI |
||
| 100 | _aPandey, abhinav | ||
| 245 | _aInside the terrifying world of: Jaish -E mohammed | ||
| 260 |
_aGurugram _b Harper Collins Pub. |
||
| 300 | _a493 | ||
| 546 | _aEnglish | ||
| 651 | _aTerrorism | ||
| 942 |
_2ddc _cBK |
||
| 999 |
_c3635 _d3635 |
||